000 00768nam a2200265Ia 4500
003 GCL
008 140319s9999 xx 000 0 ara d
040 _aGCL /
_cGCL
082 0 4 _a398.41
_bم د
100 1 _aمحمد الجوهرى
245 1 0 _aالدراسة العلمية للمعتقدات الشعبية /
_cمحمد الجوهرى
260 _a[S.N] :
_bدار المعرفة الجامعية ،
_c1993
300 _a245 ص
490 _a
650 0 4 _aمصر
650 0 4 _aالفولكلور
650 0 4 _aالشياطين والجان
650 0 4 _aالسحر
650 0 4 _aالادب الشعبى
650 0 4 _aالتنجيم
650 0 4 _aالخرافات
650 0 4 _aالاساطير
650 0 4 _aالخوارق
942 _2ddc
_cBK
999 _c56012
_d56012